000 00309nam a22001337a 4500
003 OSt
005 20231127204140.0
008 231127b |||||||| |||| 00| 0 eng d
040 _aCO-JMCR
_cCO-JMCR
082 _aC /
_bMARm
100 _aMartín, José,
_eautor
_942960
245 _aMeñique /
942 _2ddc
_cBK
999 _c30362
_d16746